Statistics for Ukraine

Click here to take the quiz!

General Stats

  • This quiz has been taken 46 times
  • The average score is 8 of 10

Answer Stats

QuestionAnswer% Correct
What is the capital of Ukraine?Kyiv
100%
What is the name of a mountain range in the western part of Ukraine?Carpathians
90%
What is the biggest river in Ukraine?Dnipro
88%
Which city has a special status and does not belong to any oblast (region)?Sevastopol
83%
Which city is named after a famous hetman (cossack leader)?Khmelnytskyi
80%
What is the biggest port city?Odesa
80%
What is the population of Ukraine?40+ million
73%
What is/are the official languages of Ukraine?Ukrainian
65%
Which city is not in western Ukraine?Cherkasy
63%
Where is the largest nuclear powerplant in Europe is located?Enerhodar
38%

Score Distribution

Percentile by Number Answered

Percent of People with Each Score

Your Score History

You have not taken this quiz